00477nam a2200181Ia 4500003000400000005001700004008004100021020002900062040001700091082002200108100001900130245005600149250001100205260003000216300001600246650001500262700001800277IIN20240201163317.0231217s9999 xx 000 0 und d cRs.475.00a9788131253250 aIINbEnglish a150.2461073 bBAB1 aBabu, Stephen 1 aPsychology for NursescStephen Babu and T. Gayathri a2nd ed bElsevieraNew Delhic2020 axii, 223 p.1 aPsychology1 aGayathri, T.